Paint by Numbers - Statistics

General Stats
  • This quiz has been taken 287 times
  • The average score is 10 of 14
Answers on the Map
Answers color-coded by a green-red scale on the quiz's map according to % correct below.
 
Answer Stats
# Hint Answer % Correct
7 Green-, Ice-, New Zea- Land
91%
1 Nauru, Guam, Maui Island
89%
4 Paris, Bogota, Moscow Capital
88%
6 Khachapuri, Burger, Pizza Food
86%
2 Georgia, China, Germany Country
81%
10 Oak, Birch, Mangrove Tree
81%
5 Romanian, Japanese, Malay Language
80%
3 Munich, Istanbul, Kutaisi City
75%
8 Yellow, Red, Magenta Color
74%
13 Mandarin, Navel, Clementine Orange
73%
12 Gibraltar, Granite, Alcatraz Rock
61%
9 🇧🇧, 🇱🇰, 🇻🇪, Flag
46%
11 Georgia, Armenia, Azerbaijan Caucasus
19%
14 French Guiana, Greenland, Mayotte Colonie
17%
No matching quizzes found
Score Distribution
Percent of People with Each Score
Percentile by Number Answered
Your Score History
You have not taken this quiz